| 000 | 00642nam a2200205Ia 4500 | ||
|---|---|---|---|
| 003 | GCL | ||
| 008 | 140319s9999 xx 000 0 ara d | ||
| 040 |
_aGCL / _cGCL |
||
| 082 | 0 | 4 |
_a861 _bع ل |
| 100 | 1 | _aلوركا | |
| 245 | 1 | 0 |
_aلوركا مختارات من شعره / _cلوركا |
| 700 | 1 | _aعدنان بفجاتى (مترجم) | |
| 260 |
_a[S.N] : _bدار المسيرة للنشر والتوزيع والطباعة ، _c1983 |
||
| 300 | _a200 ص | ||
| 490 | _a | ||
| 650 | 0 | 4 | _aالادب الاسبانى |
| 650 | 0 | 4 | _aدواوين وقصائد |
| 650 | 0 | 4 | _aالشعر الاسبانى المترجم |
| 942 |
_2ddc _cBK |
||
| 999 |
_c36059 _d36059 |
||